000
00282nam a2200109Ia 4500
008
201210s9999 xx 000 0 und d
100
_a
Kothari, G. M.
245
0
_a
Labour Law and Practice
260
_a
Calcutta
_b
International Law Book Centre
_c
1979
490
_v
Vol-II
942
_c
BK
999
_c
5311
_d
5311